00451 2200169 4500001002100000008004100021035002000062245004200082100002000124260003100144300002100175020002200196084001600218082001000234650002300244990001400267INLIS000000000000170 ind  a0010-0525000151 aKimia SMA/MA Kelas XIcUnggul Sudarmo aSudarmo, Unggul aJakarta :bErlangga,c2023 a388 hlm.c25 cm. a978-623-266-824-9 a540.7 SUD k a540.7 aPendidikan - Kimia a000000180